| 000 | 00733nam a2200205 i 4500 | ||
|---|---|---|---|
| 001 | 187233 | ||
| 003 | SpMaBN | ||
| 005 | 20250822063237.0 | ||
| 008 | 170517s1973 sp ao |||| | spa d | ||
| 020 | _a84-226-0451-5 | ||
| 080 | _a008(32) | ||
| 100 | 1 |
_aChampollion-Figeac, Jacques-Joseph, _d1778-1867 _937932 |
|
| 245 | 1 | 3 |
_aEl mundo de los egipcios / _cJacques Champollion ; [traducción, Carlos Ayala González-Nieto]. |
| 260 |
_aBarcelona : _bCírculo de Lectores, _c[1973] |
||
| 300 |
_a151, [9] p. : _bil. col. y n., fot. ; _c24 x 20 cm. |
||
| 504 | _aÍndice. | ||
| 651 | 7 |
_aEgipto- _xCivilización. _98138 |
|
| 852 |
_aES-MaACL _jL-31578 _z- enc. cart. _z. - Donat. Carmen Zumárraga |
||
| 999 |
_c187233 _d187233 |
||